000 00430nam a2200157Ia 4500
008 230917s9999||||xx |||||||||||||| ||und||
020 _cDM0.72
040 _e13125
_aMAIN
041 _aEnglish
082 _a515.353 T368I
100 _aThomasset, Francois
245 0 _aImplementation of finite element methods for navier-stores equations
260 _aNew York
_bSpringer-Verlag
_c1981
300 _avii,159 p.
942 _cBK
999 _c227108
_d227108